ARRUPE JESUIT UNIVERSITY

CORONAVIRUS -STOP THE SPREAD - CLEAN,DISINFECT,COVER

The New Monastery : (Record no. 128096)

MARC details
000 -LEADER
fixed length control field 01656cam a2200349 a 4500
001 - CONTROL NUMBER
control field 13592050
003 - CONTROL NUMBER IDENTIFIER
control field ARRUPE
005 - DATE AND TIME OF LATEST TRANSACTION
control field 20180904124059.0
008 - FIXED-LENGTH DATA ELEMENTS--GENERAL INFORMATION
fixed length control field 040513s1998 miuab b 000 0 eng d
010 ## - LIBRARY OF CONGRESS CONTROL NUMBER
LC control number 2004299498
020 ## - INTERNATIONAL STANDARD BOOK NUMBER
International Standard Book Number 0879073608
035 ## - SYSTEM CONTROL NUMBER
System control number (OCoLC)ocm39272126
040 ## - CATALOGING SOURCE
Original cataloging agency DWT
Transcribing agency DWT
Modifying agency LML
-- OBE
-- DLC
042 ## - AUTHENTICATION CODE
Authentication code lccopycat
043 ## - GEOGRAPHIC AREA CODE
Geographic area code e-fr---
050 00 - LIBRARY OF CONGRESS CALL NUMBER
Classification number BX2615.C48
Item number N48 1998
300 ## - PHYSICAL DESCRIPTION
Other physical details ill., maps ;
Dimensions 22 cm.
245 04 - TITLE STATEMENT
Title The New Monastery :
Remainder of title texts and studies on the earliest Cistercians /
Statement of responsibility, etc edited by E. Rozanne Elder.
260 ## - PUBLICATION, DISTRIBUTION, ETC. (IMPRINT)
Place of publication, distribution, etc Kalamazoo, Mich. :
Name of publisher, distributor, etc Cistercian Publications,
Date of publication, distribution, etc 1998.
300 ## - PHYSICAL DESCRIPTION
Extent 241 p. :
440 #0 - SERIES STATEMENT/ADDED ENTRY--TITLE
Title Cistercian Fathers series ;
Volume number/sequential designation no. 60
9 (RLIN) 41972
500 ## - GENERAL NOTE
General note "Selected medieval documents ... includes reflections by Cistercians and scholars on the motives and the ideals of the first founders of Citeaux"--P. 4 of cover.
500 ## - GENERAL NOTE
General note Maps on p. 2 & 3 of cover.
504 ## - BIBLIOGRAPHY, ETC. NOTE
Bibliography, etc Includes bibliographical references (p. 238).
610 20 - SUBJECT ADDED ENTRY--CORPORATE NAME
Corporate name or jurisdiction name as entry element Abbaye de Cîteaux
General subdivision History.
9 (RLIN) 41973
610 20 - SUBJECT ADDED ENTRY--CORPORATE NAME
Corporate name or jurisdiction name as entry element Cistercians
General subdivision History.
9 (RLIN) 41974
650 #0 - SUBJECT ADDED ENTRY--TOPICAL TERM
Topical term or geographic name as entry element Monasticism and religious orders
Geographic subdivision France
General subdivision History
Chronological subdivision Middle Ages, 600-1500.
9 (RLIN) 41975
700 1# - ADDED ENTRY--PERSONAL NAME
Personal name Elder, E. Rozanne
Fuller form of name (Ellen Rozanne),
Dates associated with a name 1940-
9 (RLIN) 12926
856 42 - ELECTRONIC LOCATION AND ACCESS
Materials specified Contributor biographical information
Uniform Resource Identifier <a href="http://www.loc.gov/catdir/enhancements/fy1401/2004299498-b.html">http://www.loc.gov/catdir/enhancements/fy1401/2004299498-b.html</a>
856 42 - ELECTRONIC LOCATION AND ACCESS
Materials specified Publisher description
Uniform Resource Identifier <a href="http://www.loc.gov/catdir/enhancements/fy1401/2004299498-d.html">http://www.loc.gov/catdir/enhancements/fy1401/2004299498-d.html</a>
906 ## - LOCAL DATA ELEMENT F, LDF (RLIN)
a 7
b cbc
c copycat
d 2
e ncip
f 20
g y-gencatlg
942 ## - ADDED ENTRY ELEMENTS (KOHA)
Source of classification or shelving scheme Library of Congress Classification
Koha item type Monograph ( Printed materials)
Holdings
Withdrawn status Lost status Source of classification or shelving scheme Damaged status Not for loan Collection code Home library Current library Shelving location Date acquired Total Checkouts Full call number Barcode Date last seen Price effective from Koha item type
    Library of Congress Classification     Main Collection ARRUPE LIBRARY ARRUPE LIBRARY Main Collection 04/09/2018   BX2615.C48 N48 1998 46600001562 04/09/2018 04/09/2018 Monograph ( Printed materials)

 

Arrupe Library. PO Box MP320 Mt Pleasant, Harare, Zimbabwe
263 242 745411|librarian@aju.ac.zw